000 00407 a2200169 4500
001 190156
020 _a978-85-385-5955-9
040 _cMagnum
100 _aRamos, Jerussa Figueiredo
240 1 0 _aCaminhos para a educação
_lpor
245 1 0 _aCaminhos para a educação
300 _a165
362 0 _a2011
440 1 _aPositivo
697 _aEDUCAÇÃO EM GERAL E DISCIPLINAS AFINS
942 _cBK
999 _c190156
_d190156